Marketing strategies od small and medium scale industry (Record no. 17057)

MARC details
000 -LEADER
fixed length control field 00748 aa a2200205 4500
008 - FIXED-LENGTH DATA ELEMENTS--GENERAL INFORMATION
fixed length control field 081020t xxu||||| |||| 00| 0 eng d
010 ## - LIBRARY OF CONGRESS CONTROL NUMBER
LC control number ENG-84090
020 ## - INTERNATIONAL STANDARD BOOK NUMBER
International Standard Book Number 8176298999
020 ## - INTERNATIONAL STANDARD BOOK NUMBER
Terms of availability 500.00 (hb)
035 ## - SYSTEM CONTROL NUMBER
System control number EN-67623
082 ## - DEWEY DECIMAL CLASSIFICATION NUMBER
Classification number 658.802
100 ## - MAIN ENTRY--PERSONAL NAME
Personal name Gajendra Singh
245 ## - TITLE STATEMENT
Title Marketing strategies od small and medium scale industry
Statement of responsibility, etc by Gajendra Singh
260 ## - PUBLICATION, DISTRIBUTION, ETC. (IMPRINT)
Place of publication, distribution, etc New Delhi
Name of publisher, distributor, etc Deep and Deep Publications
260 ## - PUBLICATION, DISTRIBUTION, ETC. (IMPRINT)
Date of publication, distribution, etc 2006
300 ## - PHYSICAL DESCRIPTION
Extent xi,248p
Dimensions 22cm
500 ## - GENERAL NOTE
General note Includes bibliographical references and index
942 ## - ADDED ENTRY ELEMENTS (KOHA)
Source of classification or shelving scheme Dewey Decimal Classification
Koha item type English Books
Classification part 658.802
Call number suffix GAJ
Holdings
Withdrawn status Lost status Source of classification or shelving scheme Damaged status Not for loan Home library Current library Date acquired Cost, normal purchase price Total Checkouts Full call number Barcode Date last seen Copy number Cost, replacement price Price effective from Koha item type
    Dewey Decimal Classification   Not For Loan D.B.Act.Division D.B.Act.Division 23/02/2007 500.00   658.802 GAJ EN-67623 21/10/2008 1 500.00 21/10/2008 English Books

© Delhi Public Library
Hit Counter
free hit counter